000 02409 a2200229 4500
001 21659
005 20260407155507.0
008 260407a1991 arg spa d
003 AR-UNSa-BCEJYS
040 _aAR-UNSa-BCEJYS
_bspa
_cAR-UNSa-BCEJYS
080 _a657.47
_xContabilidad de Costos
245 1 0 _aContabilidad analítica
_pcostes,rendimientos,precios y resultados
020 _a84-7196-960-2
250 _a4a. ed
264 1 _aMadrid :
_bMinisterio de Economía y Hacienda
_c1991
300 _a1159 p.
_c24 cm.
505 _a1º Parte: La contabilidad como ciencia : 1. Concepto de ciencia de la contabilidad - 2. Evolución histórica y planeamientos actuales - 3. El método en contabilidad - 4. Medición, valoración y agregación contables - 2ºParte: La conducta dela empresa y sus modelos : 5. Contabilidad presupuestaria y planeación empresarial - 6. Desarrollo presupuestario - 7. Los presupuestos financieros - 8. Contabilidad financiera - 3ºParte: Contabilidad de costos y rendimientos : 9. Contabilidad de costos - 10. los costos.conceptos y clases - 11. Método de calculo - 12. Métodos de calculo de la producción conjunta - 13. Medida de la producción y el rendimiento - 14. Costos de los materiales - 15. Coste dela mano de obra - 16. Coste de amortización y generales de fabricación - 17. Coste de financiación - 18. Estadística de costes, producción, ventas y resultados - 4º Parte: Modelos de costes :19. Modelos de costs completo - 20. Modelos de costes comerciales - 21. Modelo de contabilidad de costes por secciones - 22. Modelo francés de contabilidad analítica - 23. Modelo español de contabilidad analítica - 24. Modelo de -direct, costing - 5º Parte: Contabilidad de gestión: control y decisión: 25. Calculo del resultado interno - 26. Calculo de las desviaciones de costes - 27. Calculo de costes y política de precios - 28. Descentralización y precios de transferencia - 29.Análisis estadístico de los costes - 30. Análisis lineal de la producción y costes - 31. El cálculo matricial e la contabilidad de costes - 32. Un modelo integral de gestión: El cuadro de flujos financieros y tratamiento de la inflación.
942 _cBK
590 _aniveau_biblio:m niveau_hierar:0
100 1 _aMallo Rodriguez, Carlos
856 4 1 _uhttps://biblioeco.unsa.edu.ar/pmb/images/libros/Contabilidad Analitica.jpg
_yImagen de portada
_qimage/jpeg
999 _c834
_d834